000 00635nam a2200181 a 4500
001 000004202
005 20240412074202.0
008 090720s200u dr ac 001 0 spa d
040 _aDO-SdBNP
_bspa
_cBNPHU
082 _aRD861.44
_bA473c
100 1 _aÁlvarez García, Hipólito
_d1947-
_912409
245 1 0 _aConozca grandes poemas en testimonio /
_cHipólito Alvares García.
260 _aSan Juan de la Maguana :
_bEditora Logos,
_c[200?].
300 _a92 p. :
_bil, retr. ;
_c18 cm.
500 _aIncluye datos biográficos del autor en la contracubierta.
650 0 _aPoesía dominicana
_966
650 0 _aLiteratura dominicana.
_967
999 _c4016
_d4016